Humanism and the Urban World

Λεπτομέρειες βιβλιογραφικής εγγραφής
Κύριος συγγραφέας: Pearson
Μορφή: Ηλεκτρονική πηγή Ηλ. βιβλίο
Γλώσσα:English
Έκδοση: Penn State University Press
Θέματα:
Διαθέσιμο Online:Full text available on Project MUSE [2/8/12]
Off-campus access
LEADER 01020pam a2200241 a 4500
001 AALebookProjectMUSE025607
003 BD-DhAAL
006 m||||||||d||||||||
007 cr||||||||||||
008 221121s9999 xxuabf fo j 001 0 eng d
020 |a 9780271056890 
040 |a BD-DhAAL  |c BD-DhAAL 
100 1 |a Pearson 
245 0 0 |h [electronic resource]  |a Humanism and the Urban World 
260 |b Penn State University Press 
300 |a 1 online resource 
500 |a <strong>Off-Campus Access:</strong> Athens ID and Password Required 
500 |a <strong>On-Campus Access:</strong> No User ID or Password Required 
506 |a Electronic access restricted to authorized BRAC University faculty, staff and students 
538 |a Mode of access: Internet 
655 7 |a Electronic books  |2 Library of Congress 
856 4 0 |z Full text available on Project MUSE [2/8/12]  |u https://muse.jhu.edu/book/13134 
856 4 0 |z Off-campus access  |u https://go.openathens.net/redirector/bracu.ac.bd?url=https%3A%2F%2Fmuse.jhu.edu%2Fbook%2F13134